Prínos Recyklačného fondu k zhodnocovaniu odpadov v SR

Slovenská republika a problematika zberu, triedenia a zhodnocovania odpadu. Zriadenie Recyklačného fondu (RF) . Základné úlohy RF. Obsah komoditných programov jednotlivých sektorov RF. Prehľad schválených prostriedkov z Recyklačného fondu. Stav vybavovania žiadostí o príspevky z RF. Oblasť propagáci...

Ausführliche Beschreibung

Gespeichert in:
Bibliographische Detailangaben
1. Verfasser: Dlhopolček, Juraj
Format: Buchkapitel
Sprache:Slowakisch
Schlagworte:
Tags: Tag hinzufügen
Keine Tags, Fügen Sie das erste Tag hinzu!

MARC

LEADER 00000naa$a2200000$$$4500
001 0004769
005 20230928074701.1
041 0 |a slo 
044 |a SK 
245 1 0 |a Prínos Recyklačného fondu k zhodnocovaniu odpadov v SR  |c aut. Juraj Dlhopolček 
520 |a Slovenská republika a problematika zberu, triedenia a zhodnocovania odpadu. Zriadenie Recyklačného fondu (RF) . Základné úlohy RF. Obsah komoditných programov jednotlivých sektorov RF. Prehľad schválených prostriedkov z Recyklačného fondu. Stav vybavovania žiadostí o príspevky z RF. Oblasť propagácie separovaného zberu a zhodnocovania odpadov. 
610 2 0 |a hospodárstvo odpadové 
610 2 0 |a zber surovín 
610 2 0 |a recyklácia odpadu 
610 2 0 |a fondy účelové 
610 2 0 |a stimulovanie ekonomické 
610 2 0 |a Slovensko 
100 1 |a Dlhopolček, Juraj